Henry Lorayne's Peg Words - Statistics

General Stats
  • This quiz has been taken 3 times
  • The average score is 29 of 100
Answer Stats
Answer % Correct
9 bee
100%
7 cow
100%
16 dish
100%
8 ivy
100%
5 law
100%
3 ma
100%
2 noah
100%
4 rye
100%
6 shoe
100%
1 tie
100%
12 tin
100%
14 tire
100%
10 toes
100%
13 tomb
100%
11 tot
100%
15 towel
100%
18 dove
67%
29 knob
67%
20 nose
67%
19 tub
67%
28 knife
33%
50 lace
33%
52 lion
33%
51 lot
33%
31 mat
33%
36 match
33%
30 mice
33%
32 moon
33%
39 mop
33%
38 movie
33%
34 mower
33%
37 mug
33%
35 mule
33%
33 mummy
33%
25 nail
33%
23 name
33%
27 neck
33%
24 nero
33%
21 net
33%
26 notch
33%
22 nun
33%
42 rain
33%
43 ram
33%
46 roach
33%
47 rock
33%
41 rod
33%
45 roll
33%
48 roof
33%
49 rope
33%
40 rose
33%
44 rower
33%
91 bat
0%
96 beach
0%
94 bear
0%
95 bell
0%
92 bone
0%
97 book
0%
93 bum
0%
90 bus
0%
76 cage
0%
74 car
0%
70 case
0%
62 chain
0%
67 chalk
0%
60 cheese
0%
68 chef
0%
64 cherry
0%
66 choo choo
0%
63 chum
0%
75 coal
0%
79 cob
0%
72 coin
0%
77 coke
0%
73 comb
0%
71 cot
0%
78 cove
0%
100 disease
0%
17 dock
0%
80 fez
0%
88 fife
0%
85 file
0%
86 fish
0%
81 fit
0%
83 foam
0%
89 fob
0%
87 fog
0%
84 fur
0%
65 jail
0%
58 lava
0%
56 leech
0%
55 lily
0%
59 lip
0%
57 log
0%
53 loom
0%
54 lure
0%
82 phone
0%
99 pipe
0%
98 puff
0%
61 sheet
0%
69 ship
0%
No matching quizzes found
Score Distribution
Percent of People with Each Score
Percentile by Number Answered
Your Score History
You have not taken this quiz